[Event "Gibraltar Masters 2020"]
[Site "Caleta ENG"]
[Date "2020.01.26"]
[Round "6.101"]
[White "Hamer, Martyn"]
[Black "Seul, Georg"]
[Result "0-1"]
[BlackTitle "IM"]
[WhiteElo "2069"]
[BlackElo "2401"]
[WhiteFideId "413160"]
[BlackFideId "4601653"]
[EventDate "2020.01.21"]

1. d4 Nf6 2. Nc3 d5 3. Bf4 c5 4. e4 e6 5. exd5 Nxd5 6. Nxd5 Qxd5 7. Nf3 Nc6 8.
dxc5 Qxc5 9. c3 Be7 10. Bd3 e5 11. Be3 Qa5 12. Qc2 Bg4 13. Nd2 Bh5 14. b4 Qc7
15. O-O Bg6 16. Ne4 O-O 17. b5 Na5 18. c4 f5 19. Ng5 Bxg5 20. Bxg5 e4 21. Be2 f4
22. c5 Rf5 23. Bh4 Rxc5 24. Qb2 Rc2 0-1

[Event "Gibraltar Masters 2020"]
[Site "Caleta ENG"]
[Date "2020.01.26"]
[Round "6.102"]
[White "Stolniceanu, Victor-Dumitru"]
[Black "Sousa, Ludy Helsio Paulo"]
[Result "0-1"]
[BlackTitle "CM"]
[WhiteElo "2074"]
[BlackElo "2247"]
[WhiteFideId "1221019"]
[BlackFideId "1504134"]
[EventDate "2020.01.21"]

1. e4 c5 2. Nf3 a6 3. c3 d6 4. d4 Qc7 5. Be2 e5 6. O-O h6 7. Be3 Nf6 8. dxe5
dxe5 9. Nbd2 Be7 10. h3 O-O 11. Qc2 Nc6 12. Rad1 b5 13. Nh2 Re8 14. Rfe1 Bb7 15.
Ndf1 Bf8 16. Ng3 g6 17. Qc1 Kh7 18. Rf1 Nd8 19. Bd3 c4 20. Bc2 Ne6 21. f4 Bc5
22. fxe5 Qxe5 23. Bxc5 Nxc5 24. Qf4 Kg7 25. Qf2 h5 26. Nf3 Qe7 27. Rde1 Nfd7 28.
Nd4 Kg8 29. Nxh5 gxh5 30. Qg3+ Kh8 31. Rf5 Nf6 32. e5 Nh7 33. Rxh5 Nd3 34. Bxd3
cxd3 35. Qxd3 f6 36. e6 Rg8 37. g4 Rad8 38. Qe3 Rg5 39. Nf5 Qc7 40. e7 Re8 41.
Rxh7+ Kxh7 42. Qe6 Qc5+ 43. Re3 Rxf5 44. gxf5 Bd5 0-1

[Event "Gibraltar Masters 2020"]
[Site "Caleta ENG"]
[Date "2020.01.26"]
[Round "6.103"]
[White "Huguet, Sergio"]
[Black "Bottke, Hartmut"]
[Result "0-1"]
[WhiteTitle "FM"]
[WhiteElo "2055"]
[BlackElo "2185"]
[WhiteFideId "2212552"]
[BlackFideId "4627873"]
[EventDate "2020.01.21"]

1. e4 g6 2. d4 Bg7 3. Nc3 d6 4. Be3 a6 5. Bd3 Nc6 6. d5 Ne5 7. h3 Nf6 8. f4
Nxd3+ 9. Qxd3 c6 10. Nf3 cxd5 11. exd5 Bf5 12. Qd2 Ne4 13. Nxe4 Bxe4 14. Ng5 Bf5
15. g4 Bd7 16. Bd4 Bxd4 17. Qxd4 O-O 18. O-O-O Qa5 19. Kb1 Qa4 20. Qxa4 Bxa4 21.
Rd4 Bd7 22. Re1 Rfe8 23. Rc4 Rac8 24. Ree4 h6 25. Rxc8 Bxc8 26. Nf3 f5 27. gxf5
Bxf5 28. Rb4 Bxh3 29. Rxb7 Bg2 30. Nh4 Bxd5 31. Rb4 Kf7 32. f5 g5 33. Ng6 Kf6
34. Rd4 Bb7 35. Rb4 Bc8 36. Rb8 Kxf5 37. Rxc8 Rxc8 38. Nxe7+ Ke6 39. Nxc8 g4 40.
Na7 Kd7 0-1

[Event "Gibraltar Masters 2020"]
[Site "Caleta ENG"]
[Date "2020.01.26"]
[Round "6.104"]
[White "Hng, Mei-En Emmanuelle"]
[Black "Giacomini, Hector"]
[Result "1-0"]
[WhiteTitle "WFM"]
[WhiteElo "2055"]
[BlackElo "2161"]
[WhiteFideId "5804566"]
[BlackFideId "605352"]
[EventDate "2020.01.21"]

1. e4 c5 2. d4 cxd4 3. c3 e5 4. Bc4 Nc6 5. Nf3 Nf6 6. O-O Nxe4 7. cxd4 d5 8. Bb5
exd4 9. Qxd4 Be6 10. Nc3 Nd6 11. Bxc6+ bxc6 12. Bg5 Qb6 13. Qa4 Nf5 14. Rae1 Ne7
15. Nd4 Bd7 16. Nf5 Be6 17. Bxe7 Bxe7 18. Nxg7+ Kd7 19. Nxe6 fxe6 20. Qg4 Rae8
21. Rxe6 Kd8 22. Qa4 Bc5 23. Rxc6 Bxf2+ 24. Kh1 Qb7 25. Qa5+ 1-0

[Event "Gibraltar Masters 2020"]
[Site "Caleta ENG"]
[Date "2020.01.26"]
[Round "6.105"]
[White "Skou, Niels"]
[Black "De Abreu, Roberto N"]
[Result "0-1"]
[BlackTitle "FM"]
[WhiteElo "2036"]
[BlackElo "2154"]
[WhiteFideId "1413155"]
[BlackFideId "14307472"]
[EventDate "2020.01.21"]

1. d4 Nf6 2. c4 c5 3. d5 e6 4. Nc3 d6 5. e4 g6 6. Nge2 exd5 7. exd5 Qe7 8. h3
Bg7 9. Be3 O-O 10. Nf4 Nbd7 11. Be2 Ne5 12. O-O Ne8 13. Qd2 f5 14. g3 Nf6 15.
Rad1 Kh8 16. Ne6 Bxe6 17. dxe6 Rad8 18. Nd5 Qxe6 19. Qa5 Nc6 20. Qb5 Rf7 21.
Rfe1 Ne4 22. Kg2 Nd4 23. Qa4 b5 24. Qa5 Rb8 25. Bd3 bxc4 26. Bxc4 Rxb2 27. Nb6
Qe5 28. Na4 Qxg3+ 0-1

[Event "Gibraltar Masters 2020"]
[Site "Caleta ENG"]
[Date "2020.01.26"]
[Round "6.106"]
[White "Veltkamp, Gerben"]
[Black "Burke, Mitchell R"]
[Result "1-0"]
[WhiteElo "2140"]
[BlackElo "2001"]
[WhiteFideId "4631307"]
[BlackFideId "416231"]
[EventDate "2020.01.21"]

1. e4 c5 2. Nc3 g6 3. Nge2 Bg7 4. g3 Nc6 5. Bg2 d6 6. O-O e6 7. d3 Nge7 8. Be3
O-O 9. d4 b6 10. a4 Bb7 11. Nb5 a6 12. Na3 Qc7 13. c3 cxd4 14. cxd4 d5 15. e5
Nf5 16. Bf4 Qe7 17. Nc2 a5 18. Nc3 Ba6 19. Nb5 Bxb5 20. axb5 Nb4 21. Na3 Rac8
22. Qd2 Rc7 23. g4 1-0

[Event "Gibraltar Masters 2020"]
[Site "Caleta ENG"]
[Date "2020.01.26"]
[Round "6.107"]
[White "Osuna Vega, Enrique"]
[Black "Roman Lopez, Jesus"]
[Result "1/2-1/2"]
[WhiteTitle "CM"]
[WhiteElo "2129"]
[BlackElo "1973"]
[WhiteFideId "2219549"]
[BlackFideId "2291673"]
[EventDate "2020.01.21"]

1. Nf3 d5 2. d4 Nf6 3. Bf4 c5 4. c3 cxd4 5. Nxd4 Nc6 6. e3 Qb6 7. Qb3 Qxb3 8.
axb3 e5 9. Nxc6 exf4 10. Rxa7 Rxa7 11. Nxa7 Bf5 12. Nd2 fxe3 13. fxe3 Bc5 14.
Nb5 Kd7 15. Nd4 Bg6 16. Bb5+ Kd6 17. O-O Ra8 18. h3 Ra2 19. Rf2 Ke7 20. Nf1 Ne4
21. Re2 Nd6 22. c4 Ra1 23. Nf3 Bd3 24. Re1 Ra2 25. Rd1 Be4 26. Rd2 Bb4 27. Rf2
Ra1 28. Kh2 Bd3 29. Ng3 Ne4 30. Nxe4 Bxe4 31. cxd5 Bd6+ 32. g3 Bxd5 33. Bc4 Bc6
34. Bf1 Bxf3 35. Rxf3 Re1 36. Bc4 f6 37. Kg2 Be5 38. Kf2 Rb1 39. Kg2 Re1 40. Kf2
Rb1 41. Kg2 b5 42. Bg8 Rxb2+ 43. Rf2 Rb1 44. Rf1 Rxf1 45. Kxf1 1/2-1/2

[Event "Gibraltar Masters 2020"]
[Site "Caleta ENG"]
[Date "2020.01.26"]
[Round "6.108"]
[White "Obiamiwe, Paul"]
[Black "Arroyo Rodriguez, Jesus"]
[Result "1/2-1/2"]
[WhiteElo "1920"]
[BlackElo "2125"]
[WhiteFideId "8500215"]
[BlackFideId "2277760"]
[EventDate "2020.01.21"]

1. Nf3 Nf6 2. c4 g6 3. Nc3 Bg7 4. e4 d6 5. d4 O-O 6. Be2 Nbd7 7. O-O e5 8. Be3
h6 9. dxe5 dxe5 10. h3 c6 11. Qd2 Kh7 12. Rfd1 Qe7 13. Qc2 Ne8 14. a3 Nc7 15. b4
Ne6 16. c5 Nf4 17. Bf1 Nf6 18. Qd2 g5 19. Qd6 Qxd6 20. Rxd6 a5 21. b5 Ne8 22.
Rdd1 f5 23. Na4 fxe4 24. Nb6 Rb8 25. Nd2 Nf6 26. Ndc4 N6d5 27. Nxc8 Rbxc8 28.
Nd6 Rb8 29. Nxe4 Nxe3 30. fxe3 Nd5 31. Re1 Kg6 32. Bd3 Kf5 33. Rab1 Ke6 34. Bc4
Rfd8 35. Nd6 e4 36. Nxe4 Bf8 37. Nd6 Bxd6 38. cxd6 Kxd6 39. bxc6 bxc6 40. Rxb8
Rxb8 41. e4 Nf4 42. e5+ Ke7 43. Rd1 Rb2 44. Rd6 Rxg2+ 45. Kf1 Rg3 46. Rxh6 Rxh3
47. Rxc6 Rf3+ 48. Kg1 Rxa3 49. Rc7+ Kd8 50. Ra7 Rc3 51. Bf7 Rc5 52. e6 Re5 53.
Kf1 Nd5 54. Rd7+ Kc8 55. Rxd5 Rxd5 56. e7 Rf5+ 57. Kg2 Re5 58. e8=Q+ 1/2-1/2

[Event "Gibraltar Masters 2020"]
[Site "Caleta ENG"]
[Date "2020.01.26"]
[Round "6.109"]
[White "Seewi, Joram"]
[Black "Teh, Wee Zhun"]
[Result "1/2-1/2"]
[WhiteElo "2109"]
[BlackElo "1857"]
[WhiteFideId "16260350"]
[BlackFideId "5707277"]
[EventDate "2020.01.21"]

1. Nc3 d5 2. e4 d4 3. Nce2 e5 4. Ng3 Be6 5. Bb5+ Nd7 6. Qe2 c6 7. Bc4 Nc5 8.
Bxe6 Nxe6 9. d3 Bb4+ 10. Kf1 Ne7 11. h4 Qd7 12. Nf3 f6 13. h5 O-O-O 14. Nh2 Kb8
15. Ng4 Rhf8 16. Kg1 Rf7 17. a3 Ba5 18. b4 Bc7 19. Bd2 Bd6 20. f3 Re8 21. Nf2 g6
22. hxg6 hxg6 23. Rh6 f5 24. Qd1 Rff8 25. Nh3 f4 26. Nh1 Ng8 27. Rxg6 Qh7 28.
Rxe6 Rxe6 29. Ng5 Qe7 30. Nxe6 Qxe6 31. Kf2 Nf6 32. Qf1 Nh5 33. Ke2 Rg8 34. Be1
Qg6 35. Bf2 1/2-1/2

[Event "Gibraltar Masters 2020"]
[Site "Caleta ENG"]
[Date "2020.01.26"]
[Round "6.110"]
[White "Gagare, Shalmali"]
[Black "Wilson, Matthew R"]
[Result "1/2-1/2"]
[WhiteTitle "WIM"]
[WhiteElo "2099"]
[BlackElo "1837"]
[WhiteFideId "5038650"]
[BlackFideId "423459"]
[EventDate "2020.01.21"]

1. e4 e5 2. Bc4 Nf6 3. d3 c6 4. Nf3 d5 5. Bb3 Bb4+ 6. Bd2 Bxd2+ 7. Nbxd2 Nbd7 8.
O-O O-O 9. Re1 Re8 10. d4 exd4 11. exd5 Rxe1+ 12. Qxe1 cxd5 13. Nxd4 Nc5 14. Qe3
Nce4 15. f3 Nxd2 16. Qxd2 Be6 17. Re1 Qd6 18. Ne2 Rd8 19. Qd4 b6 20. Nf4 h6 21.
Rd1 b5 22. Nxe6 fxe6 23. Qxa7 Nd7 24. Qa5 Qb6+ 25. Qxb6 Nxb6 26. f4 g5 27. fxg5
hxg5 28. c3 Nc4 29. Bxc4 bxc4 30. Rd2 Kf7 31. Kf2 e5 32. b3 cxb3 33. axb3 Ke6
34. Ke3 g4 35. Kf2 d4 36. cxd4 exd4 37. Ke2 Kd5 38. Kd3 Re8 39. Re2 Rb8 40. Rb2
Re8 41. Re2 Rb8 1/2-1/2

[Event "Gibraltar Masters 2020"]
[Site "Caleta ENG"]
[Date "2020.01.26"]
[Round "6.111"]
[White "George, Lolomari Erekosima"]
[Black "Adewole, Adeyinka"]
[Result "1/2-1/2"]
[WhiteTitle "CM"]
[WhiteElo "2053"]
[BlackElo "1941"]
[WhiteFideId "8501076"]
[BlackFideId "8502544"]
[EventDate "2020.01.21"]

1. d4 Nf6 2. c4 c6 3. Nf3 g6 4. Nc3 Bg7 5. e4 d6 6. Be2 O-O 7. O-O b6 8. Qc2 Bb7
9. Bf4 Nh5 10. Be3 Qc7 11. Rfe1 Nd7 12. Rad1 a6 13. b4 a5 14. b5 c5 15. d5 Nhf6
16. Nd2 e5 17. g3 Ne8 18. Bg5 f6 19. Be3 f5 20. exf5 gxf5 21. f4 Bc8 22. Nf3 e4
23. Ng5 Ndf6 24. Ne6 Bxe6 25. dxe6 Qe7 26. Nd5 Nxd5 27. cxd5 Nf6 28. a4 Kh8 29.
Qc1 h5 30. h3 Bh6 31. Kf2 1/2-1/2

[Event "Gibraltar Masters 2020"]
[Site "Caleta ENG"]
[Date "2020.01.26"]
[Round "6.112"]
[White "Johnsen, Sylvia"]
[Black "Guerra Reig, Juan"]
[Result "1-0"]
[WhiteTitle "WFM"]
[WhiteElo "1902"]
[BlackElo "1998"]
[WhiteFideId "1500988"]
[BlackFideId "2224801"]
[EventDate "2020.01.21"]

1. e4 c6 2. d4 d5 3. exd5 cxd5 4. c4 Nf6 5. Nc3 Nc6 6. Nf3 Bg4 7. cxd5 Nxd5 8.
Qb3 Bxf3 9. gxf3 e6 10. Qxb7 Nxd4 11. Bb5+ Nxb5 12. Qc6+ Ke7 13. Qxb5 Qd6 14.
Nxd5+ Qxd5 15. Qxd5 exd5 16. Bf4 Ke6 17. O-O Bd6 18. Rfe1+ Kd7 19. Be3 Rhe8 20.
Rad1 Re5 21. Rd3 Rb8 22. f4 Rf5 23. b3 Rb4 24. Red1 Ke6 25. Bxa7 Rbxf4 26. Re3+
Kd7 27. Rh3 Rg4+ 28. Kf1 h6 29. Be3 Re4 30. Bd4 f6 31. Rd2 Bf4 32. Rdd3 h5 33.
a4 Be5 34. Bc3 d4 35. a5 Rg5 36. Be1 Kc6 37. b4 Kb5 38. Ra3 Bb8 39. Rhd3 Ka6 40.
f3 Rf4 41. Bg3 Rb5 42. Bxf4 Bxf4 43. Rxd4 Bxh2 44. Rc3 Be5 45. Rc6+ Kb7 46. Rdc4
g5 47. R6c5 Rxc5 48. Rxc5 h4 49. Kg2 Bd6 50. Rb5+ Ka7 51. Rb6 Be5 52. b5 Bd4 53.
Rd6 Bc3 54. Rd7+ Kb8 55. a6 Ba5 56. Rf7 1-0

[Event "Gibraltar Masters 2020"]
[Site "Caleta ENG"]
[Date "2020.01.26"]
[Round "6.113"]
[White "Gostelow, David W"]
[Black "Herzwurm, Robert"]
[Result "0-1"]
[WhiteElo "1901"]
[BlackElo "1979"]
[WhiteFideId "413151"]
[BlackFideId "4668570"]
[EventDate "2020.01.21"]

1. d4 Nf6 2. Bf4 g6 3. Nc3 Bg7 4. e4 d6 5. Qd2 O-O 6. Nf3 c6 7. O-O-O b5 8. Bd3
Bg4 9. Qe3 Qa5 10. Kb1 Nbd7 11. Be2 b4 12. e5 bxc3 13. exf6 Nxf6 14. Bc4 Rab8
15. b3 Qb4 16. Qxe7 Qxc4 17. Bxd6 Qa6 18. Bxb8 Rxb8 19. Ne5 Be6 20. Qc5 Nd5 21.
Nc4 Bf8 22. Qa5 Qxc4 23. Qxa7 Qb5 24. a4 Qb4 0-1

[Event "Gibraltar Masters 2020"]
[Site "Caleta ENG"]
[Date "2020.01.26"]
[Round "6.114"]
[White "Gravett, Alan D"]
[Black "Sagar, Siya"]
[Result "1-0"]
[WhiteElo "1824"]
[BlackElo "1740"]
[WhiteFideId "406171"]
[BlackFideId "25098160"]
[EventDate "2020.01.21"]

1. Nf3 Nf6 2. g3 g6 3. b4 Bg7 4. Bb2 O-O 5. Bg2 d5 6. O-O b6 7. c4 Bb7 8. Na3
Nbd7 9. Rc1 c5 10. bxc5 Nxc5 11. cxd5 Nxd5 12. Bxg7 Kxg7 13. Qc2 Rc8 14. Qb2+
Kg8 15. d4 Na4 16. Qd2 Nac3 17. Rfe1 Ba6 18. Rc2 Nxe2+ 19. Rxe2 Rxc2 20. Qxc2
Bxe2 21. Qxe2 Qc7 22. Nc4 Rc8 23. Bf1 b5 24. Nce5 a6 25. Bh3 Qc1+ 26. Ne1 Rc7
27. Nxf7 Kxf7 28. Be6+ Ke8 29. Bxd5 Rd7 30. Be6 Rd6 31. Qe5 Qh6 32. Nd3 g5 33.
Nc5 Qf6 34. Qe4 Rd8 35. Qc6+ Kf8 36. Nd7+ Rxd7 37. Qxd7 Qf3 38. Qd8+ Kg7 39.
Qxe7+ Kh6 40. d5 1-0

[Event "Gibraltar Masters 2020"]
[Site "Caleta ENG"]
[Date "2020.01.27"]
[Round "7.11"]
[White "Narayanan, S.L."]
[Black "Khotenashvili, Bela"]
[Result "1/2-1/2"]
[WhiteTitle "GM"]
[BlackTitle "GM"]
[WhiteElo "2637"]
[BlackElo "2446"]
[WhiteFideId "5058422"]
[BlackFideId "13602640"]
[EventDate "2020.01.21"]

1. e4 c6 2. d4 d5 3. e5 Bf5 4. h4 h5 5. Bd3 Bxd3 6. Qxd3 Qa5+ 7. Nd2 e6 8. Nf3
Ne7 9. O-O Nf5 10. a4 Qa6 11. c4 Be7 12. b3 Nd7 13. Ba3 c5 14. dxc5 Nxc5 15. Qb1
dxc4 16. Nxc4 b6 17. Rd1 O-O 18. Nd6 Bxd6 19. exd6 Rfd8 20. Ng5 Qe2 21. Bxc5
bxc5 22. Qe4 Qxe4 23. Nxe4 Rab8 24. d7 Nxh4 25. Nxc5 Nf5 26. Rac1 Kf8 27. Rc4 a5
28. b4 axb4 29. a5 b3 30. a6 Ke7 31. a7 Ra8 32. Ra4 e5 33. f4 Nd4 34. Re1 Nc6
35. Ra6 Nxa7 36. Rxe5+ Kf8 37. Rxh5 Rab8 38. Ra1 Nc6 39. Re1 g6 40. Rd5 b2 41.
Rb1 Rb4 42. Nd3 Rd4 43. Rxd4 Nxd4 1/2-1/2

[Event "Gibraltar Masters 2020"]
[Site "Caleta ENG"]
[Date "2020.01.27"]
[Round "7.43"]
[White "Mendonca, Leon Luke"]
[Black "Kozak, Adam"]
[Result "1-0"]
[WhiteTitle "IM"]
[BlackTitle "IM"]
[WhiteElo "2417"]
[BlackElo "2523"]
[WhiteFideId "35028561"]
[BlackFideId "753246"]
[EventDate "2020.01.21"]

1. d4 Nf6 2. c4 e6 3. Nc3 Bb4 4. e3 O-O 5. Ne2 c6 6. a3 Ba5 7. b4 Bc7 8. Bb2 d5
9. Ng3 Nbd7 10. Qc2 Re8 11. Rd1 Nb6 12. c5 Nbd7 13. Be2 e5 14. dxe5 Nxe5 15. e4
d4 16. Nb1 d3 17. Bxd3 Nfg4 18. Be2 Qf6 19. Bd4 Rd8 20. Qc3 Be6 21. O-O Rxd4 22.
Qxd4 Qh4 23. h3 Nf6 24. Nf5 Qxe4 25. Qxe4 Nxe4 26. Nd4 Bd5 27. Nb5 Bd8 28. N5c3
Nf6 29. Nxd5 Nxd5 30. Rfe1 Bf6 31. Bf1 a5 32. b5 Kf8 33. Re4 Nd7 34. Rc1 Bg5 35.
Rc2 Be7 36. bxc6 bxc6 37. Rec4 Ne5 38. Re4 Nd7 39. Rec4 Ne5 40. Ra4 Nd7 41. Nd2
Nxc5 42. Rac4 Nd7 43. Rxc6 Bxa3 44. Rc8+ Rxc8 45. Rxc8+ Ke7 46. Bb5 Bb4 47. Nc4
N7b6 48. Nxb6 Nxb6 49. Rc7+ Kf8 50. Rc6 Nd5 51. Bc4 Ne7 52. Ra6 g5 53. Rf6 Kg7
54. Rxf7+ Kg6 55. Rf8 h5 56. g3 h4 57. gxh4 gxh4 58. Rf4 Nc6 59. Rxh4 Ne5 60.
Be2 Kg5 61. Rh5+ Kf6 62. Rh6+ Kg5 63. Rb6 Ng6 64. Rb5+ Kf6 65. Bd3 Ne5 66. Be4
Bd2 67. Kg2 Nc4 68. Rc5 Nd6 69. Bc2 Bb4 70. Rd5 Ke6 71. Rh5 Nb7 72. Rh8 Nc5 73.
Ra8 Ke5 74. Kg3 Kd4 75. h4 Kc3 76. Bf5 a4 77. h5 a3 78. h6 Kb2 79. Rb8 a2 80.
Rxb4+ Ka1 81. Rb1+ axb1=N 82. Bxb1 Kxb1 83. h7 Ne4+ 84. Kg2 1-0

[Event "Gibraltar Masters 2020"]
[Site "Caleta ENG"]
[Date "2020.01.27"]
[Round "7.53"]
[White "Kosteniuk, Alexandra"]
[Black "Vega Gutierrez, Sabrina"]
[Result "1/2-1/2"]
[WhiteTitle "GM"]
[BlackTitle "IM"]
[WhiteElo "2504"]
[BlackElo "2364"]
[WhiteFideId "4128125"]
[BlackFideId "2219026"]
[EventDate "2020.01.21"]

1. d4 d5 2. c4 e6 3. Nc3 c6 4. e4 dxe4 5. Nxe4 Bb4+ 6. Nc3 e5 7. Be3 Qa5 8. Ne2
Nf6 9. dxe5 Qxe5 10. a3 Bc5 11. Bf4 Ne4 12. Nxe4 Qxe4 13. f3 Qe6 14. Qd3 O-O 15.
O-O-O Nd7 16. Nd4 Qf6 17. Qe3 a5 18. g4 a4 19. g5 Qd8 20. Bd3 Re8 21. Be4 Nf8
22. Qc3 Qb6 23. Be3 Ne6 24. h4 Nxd4 25. Bxd4 Bxd4 26. Qxd4 Qxd4 27. Rxd4 Ra5 28.
Kd2 Bf5 29. Re1 Kf8 30. Bxf5 Rxe1 31. Kxe1 Rxf5 32. f4 Ke7 33. Ke2 h6 34. Kf3
hxg5 35. hxg5 g6 36. Ke3 f6 37. gxf6+ Rxf6 38. c5 Rf5 39. Rb4 Ke6 40. Rxb7 Rxc5
41. Rb4 Rb5 42. Rxa4 Rxb2 43. Re4+ Kf6 44. a4 Ra2 45. Kd3 Kf5 46. Rc4 Ke6 47.
Rxc6+ Kd5 48. Ra6 Ra3+ 49. Kc2 Rf3 50. Rf6 Ra3 51. Ra6 Rf3 52. Rxg6 Rxf4 53. a5
Kc5 54. a6 Kb5 55. Kb3 Rf3+ 56. Kb2 Rf2+ 1/2-1/2

[Event "Gibraltar Masters 2020"]
[Site "Caleta ENG"]
[Date "2020.01.27"]
[Round "7.58"]
[White "Nandhidhaa, P V"]
[Black "Gunina, Valentina"]
[Result "1-0"]
[WhiteTitle "WIM"]
[BlackTitle "GM"]
[WhiteElo "2312"]
[BlackElo "2461"]
[WhiteFideId "5050847"]
[BlackFideId "4167570"]
[EventDate "2020.01.21"]

1. e4 c6 2. Nc3 d5 3. Nf3 Bg4 4. h3 Bxf3 5. Qxf3 Nf6 6. Be2 e6 7. O-O Bc5 8. Rd1
Bd4 9. Qf4 Bxc3 10. bxc3 Nxe4 11. Ba3 Nd7 12. Rab1 Qa5 13. Bb4 Qa4 14. f3 e5 15.
Qe3 Nef6 16. Bd6 d4 17. cxd4 Nd5 18. Qe4 f5 19. Qh4 N7f6 20. c4 Nf4 21. Bf1
O-O-O 22. dxe5 g5 23. Qf2 Ne8 24. Bc5 b6 25. Be3 Ne6 26. f4 gxf4 27. Bxf4 c5 28.
Bg5 Rd7 29. Qxf5 Qc6 30. Be3 Rf8 31. Qc2 Rg7 32. d4 cxd4 33. Bh6 d3 34. Rxd3 Nd4
35. Qd2 Nf3+ 36. Rxf3 Rxf3 37. Bxg7 Rg3 38. Bf6 Nc7 39. Rb3 Rg8 40. Rd3 Kb7 41.
Rd7 Qc5+ 42. Qd4 Qa5 43. Qd5+ 1-0

[Event "Gibraltar Masters 2020"]
[Site "Caleta ENG"]
[Date "2020.01.27"]
[Round "7.59"]
[White "Pranav, Anand"]
[Black "Buckels, Valentin"]
[Result "0-1"]
[WhiteTitle "FM"]
[BlackTitle "IM"]
[WhiteElo "2309"]
[BlackElo "2459"]
[WhiteFideId "46626786"]
[BlackFideId "12942766"]
[EventDate "2020.01.21"]

1. d4 Nf6 2. c4 e6 3. Nf3 d5 4. g3 Bb4+ 5. Bd2 a5 6. Bg2 O-O 7. Qc2 c6 8. O-O
Nbd7 9. Rd1 Be7 10. Bf4 b5 11. c5 Nh5 12. Nbd2 f5 13. e3 Bb7 14. Nb3 h6 15. h4
Nhf6 16. Ne5 Nxe5 17. Bxe5 Nd7 18. h5 Qe8 19. Bf3 b4 20. a4 Nxe5 21. dxe5 Qb8
22. Nd4 Qxe5 23. Be2 Qf6 24. f4 e5 25. Nf3 exf4 26. gxf4 Qe6 27. Kf2 Rae8 28.
Bd3 b3 29. Qc1 Bf6 30. Ra3 Qf7 31. Rh1 Bc8 32. Nd4 Bxd4 33. exd4 Qf6 34. Qc3 Re4
35. Bxe4 fxe4 36. Qe3 Qxf4+ 37. Qxf4 Rxf4+ 38. Ke1 Rf3 39. Rg1 Ba6 40. Ra1 e3
41. Rc1 Bc4 42. Rxc4 dxc4 43. Ke2 Rh3 44. Rc1 Rxh5 45. Rxc4 Kf7 46. Kxe3 Ke6 47.
Rc1 Rh3+ 48. Kd2 Kd5 0-1

[Event "Gibraltar Masters 2020"]
[Site "Caleta ENG"]
[Date "2020.01.27"]
[Round "7.60"]
[White "Pourkashiyan, Atousa"]
[Black "Batsiashvili, Nino"]
[Result "1/2-1/2"]
[WhiteTitle "WGM"]
[BlackTitle "GM"]
[WhiteElo "2305"]
[BlackElo "2456"]
[WhiteFideId "12502014"]
[BlackFideId "13602993"]
[EventDate "2020.01.21"]

1. e4 e5 2. Nf3 Nc6 3. Bb5 g6 4. d4 exd4 5. Bg5 Be7 6. Bxe7 Qxe7 7. O-O Nf6 8.
e5 Nh5 9. Re1 O-O 10. Nbd2 d5 11. exd6 Qxd6 12. Ne4 Qb4 13. Bxc6 bxc6 14. Qxd4
Rb8 15. b3 Bf5 16. Qxb4 Rxb4 17. c4 Bxe4 18. Rxe4 a5 19. Ne5 Re8 20. Rae1 Nf6
21. R4e3 Rb6 22. g4 h6 23. h4 a4 24. g5 hxg5 25. hxg5 Nh7 26. Nd7 Rxe3 27. Rxe3
Ra6 28. Re8+ Kg7 29. f4 axb3 30. axb3 Ra3 31. Nc5 Ra5 32. Re5 Kg8 33. Re8+ Kg7
34. b4 Ra1+ 35. Kf2 Rc1 36. Re7 Nf8 37. Re4 Rb1 38. Nd3 c5 39. bxc5 Ne6 40. c6
Rb6 41. Ne5 Nd8 42. Nd7 Rxc6 43. Re8 Ne6 44. Ne5 Rd6 45. Re7 Kg8 46. Kg3 Ng7 47.
Rxc7 Nh5+ 48. Kf3 Rd1 49. Rxf7 Rf1+ 50. Ke2 Rxf4 51. Rxf4 Nxf4+ 52. Ke3 Ne6 53.
Nf3 Kf7 54. Ke4 Ke7 55. Kd5 Nf4+ 56. Ke4 Ne6 57. Ke5 Nc5 58. Nh4 Kf7 59. Kd5 Ne6
60. Nf3 Ke7 61. c5 Nf4+ 62. Ke5 Nd3+ 63. Kd4 Nf4 64. Ke4 Nh3 65. Kd5 Kd7 66.
Ne5+ Kc7 67. Nf7 Nf4+ 68. Ke4 Ne6 69. Kd5 Nf4+ 70. Kc4 Ne6 71. Kd5 Nf4+ 72. Kd4
Ne6+ 73. Kc4 Nf4 74. Nd6 Ne6 75. Nf7 Nf4 76. Ne5 Ne6 77. Nf3 Nf4 78. Kb5 Ne2 79.
c6 Nc3+ 80. Kc4 Ne4 81. Kd5 Nc3+ 82. Kd4 Nb5+ 83. Kc5 Nc3 84. Kd4 Nb5+ 85. Ke5
Kxc6 86. Kf6 Nd6 87. Nd2 Kd7 88. Kxg6 Ke7 89. Kh7 Nf7 90. g6 Ng5+ 91. Kh8 Nf7+
92. Kg8 Ng5 93. Kg7 Ne6+ 94. Kh6 Kf8 95. Ne4 Kg8 96. Nf6+ Kh8 97. Nd5 Kg8 98.
Ne7+ Kh8 99. Nf5 Kg8 100. Nd6 Nf4 1/2-1/2

[Event "Gibraltar Masters 2020"]
[Site "Caleta ENG"]
[Date "2020.01.27"]
[Round "7.61"]
[White "Mammadzada, Gunay"]
[Black "Garcia Martin, Marta"]
[Result "1-0"]
[WhiteTitle "IM"]
[BlackTitle "IM"]
[WhiteElo "2455"]
[BlackElo "2317"]
[WhiteFideId "13403729"]
[BlackFideId "32084030"]
[EventDate "2020.01.21"]

1. d4 d5 2. c4 e6 3. g3 Nf6 4. Bg2 Be7 5. Nf3 O-O 6. O-O dxc4 7. Qc2 a6 8. a4
Bd7 9. Bg5 Bc6 10. Rd1 b5 11. Bxf6 Bxf6 12. Nc3 b4 13. Ne4 Be7 14. Ne5 Bd5 15.
e3 Qe8 16. Nd2 Bxg2 17. Kxg2 c3 18. bxc3 Nc6 19. cxb4 Nxe5 20. dxe5 Qb8 21. Ne4
Qxb4 22. Rab1 Qa5 23. Rd7 Rfe8 24. Rxc7 Qxe5 25. Rbb7 Kf8 26. Nc5 Qd5+ 27. f3
Rad8 28. Qxh7 f6 29. Ne4 Qa2+ 30. Kh3 e5 31. Qh8+ Kf7 32. Rxe7+ 1-0